| 000 | 00865nam a2200217 a 4500 | ||
|---|---|---|---|
| 001 | 000034440 | ||
| 005 | 20200930073712.0 | ||
| 008 | 111004s2000 sp a 000 0 spa d | ||
| 020 | _a8471835681 | ||
| 040 |
_aDO-SdBNP _bspa _cBNPHU |
||
| 082 | _axxx | ||
| 245 | 0 | 0 |
_aPlantas en casa & / _cdirector de la edición Josep Sarret ; redacción Maite Pugés, Mayka Barciela ; traducción Marta Tremoleda. |
| 260 |
_aBarcelona : _bHymsa, _c2000. |
||
| 300 |
_a4 v. : _bil. ; _c29 cm. |
||
| 505 | 0 |
_gVolumen 1: _tCuidados básicos -- _gVolumen 2 : _tUn jardín en casa -- _gVolumen 3 : _tVivir con plantas -- _gVolumen 4 : _tLas plantas más espectaculares |
|
| 534 |
_pTítulo original : _tHouseplants |
||
| 700 | 1 |
_aSarret, Josep, _edir. _947093 |
|
| 700 | 1 |
_aPugés, Maite, _ered. _959868 |
|
| 700 | 1 |
_aBarciela, Mayka, _ered. _959869 |
|
| 700 | 1 |
_aTremoleda, Marta, _etr. _959870 |
|
| 999 |
_c33931 _d33931 |
||